| 000 | 00362nam a2200145Ia 4500 | ||
|---|---|---|---|
| 008 | 130318s9999 xx 000 0 und d | ||
| 020 | _a74632736 | ||
| 082 | _a005.43 MAD/O | ||
| 100 | _aMadnick, Stuart E | ||
| 245 | _aOperating systems | ||
| 260 |
_bTata McGraw Hill _aNew Delhi _c1997 |
||
| 300 | _a640 | ||
| 650 | _aOPERATING SYSTEMS | ||
| 700 | _aDonovan, John J | ||
| 999 |
_c627 _d627 |
||